<?xml version="1.0" encoding="UTF-8"?>
<record
    xmlns:xsi="http://www.w3.org/2001/XMLSchema-instance"
    xsi:schemaLocation="http://www.loc.gov/MARC21/slim http://www.loc.gov/standards/marcxml/schema/MARC21slim.xsd"
    xmlns="http://www.loc.gov/MARC21/slim">

  <leader>01164nam a2200265 a 4500</leader>
  <controlfield tag="001">000041244</controlfield>
  <controlfield tag="005">20201002034726.0</controlfield>
  <controlfield tag="008">130930s2001    sp            001 0 spa d</controlfield>
  <datafield tag="020" ind1=" " ind2=" ">
    <subfield code="a">8400080165 (v.1)</subfield>
  </datafield>
  <datafield tag="020" ind1=" " ind2=" ">
    <subfield code="a">8400080157 (v.2)</subfield>
  </datafield>
  <datafield tag="040" ind1=" " ind2=" ">
    <subfield code="a">DO-SdBNP</subfield>
    <subfield code="b">spa</subfield>
    <subfield code="c">BNPHU</subfield>
  </datafield>
  <datafield tag="100" ind1="1" ind2=" ">
    <subfield code="a">Garc&#xED;a-Bellido, Mar&#xED;a Paz</subfield>
    <subfield code="9">67830</subfield>
  </datafield>
  <datafield tag="245" ind1="1" ind2="0">
    <subfield code="a">Diccionario de cecas y pueblos hisp&#xE1;nicos :</subfield>
    <subfield code="b">con una introducci&#xF3;n a la numism&#xE1;tica antigua de la Pen&#xED;nsula Ib&#xE9;rica /</subfield>
    <subfield code="c">Paz Garc&#xED;a-Bellido y Cruces Bl&#xE1;zquez ; con la colaboraci&#xF3;n de Jos&#xE9; Antonio Matador, Encarnaci&#xF3;n Gonz&#xE1;lez e Isabel Rodr&#xED;guez.</subfield>
  </datafield>
  <datafield tag="260" ind1=" " ind2=" ">
    <subfield code="a">Madrid :</subfield>
    <subfield code="b">Consejo Superior de Investigaciones Cient&#xED;ficas,</subfield>
    <subfield code="c">2001.</subfield>
  </datafield>
  <datafield tag="300" ind1=" " ind2=" ">
    <subfield code="a">v. :</subfield>
    <subfield code="b">il., gr&#xE1;f., mapas ;</subfield>
    <subfield code="c">28 cm.</subfield>
  </datafield>
  <datafield tag="490" ind1="1" ind2=" ">
    <subfield code="a">Textos universitarios</subfield>
    <subfield code="v">35</subfield>
  </datafield>
  <datafield tag="500" ind1=" " ind2=" ">
    <subfield code="a">La biblioteca posee el v. 1-2</subfield>
  </datafield>
  <datafield tag="504" ind1=" " ind2=" ">
    <subfield code="a">Bibliograf&#xED;a: p. 210 - 234</subfield>
  </datafield>
  <datafield tag="505" ind1="0" ind2=" ">
    <subfield code="g">v. 2</subfield>
    <subfield code="t">Cat&#xE1;logo de Cecas y pueblos</subfield>
  </datafield>
  <datafield tag="700" ind1="1" ind2=" ">
    <subfield code="a">Bl&#xE1;zquez, Cruces</subfield>
    <subfield code="9">67831</subfield>
  </datafield>
  <datafield tag="700" ind1="1" ind2=" ">
    <subfield code="a">Matador, Jos&#xE9; Antonio</subfield>
    <subfield code="e">cool.</subfield>
    <subfield code="9">67832</subfield>
  </datafield>
  <datafield tag="700" ind1="1" ind2=" ">
    <subfield code="a">Gozz&#xE1;lez, Encarnaci&#xF3;n</subfield>
    <subfield code="9">67833</subfield>
  </datafield>
  <datafield tag="710" ind1="2" ind2=" ">
    <subfield code="a">Consejo Superior de Investigaciones Cient&#xED;ficas</subfield>
    <subfield code="9">4786</subfield>
  </datafield>
  <datafield tag="830" ind1=" " ind2="0">
    <subfield code="a">Textos universitarios ;</subfield>
    <subfield code="n">30</subfield>
    <subfield code="9">67487</subfield>
  </datafield>
  <datafield tag="952" ind1=" " ind2=" ">
    <subfield code="0">0</subfield>
    <subfield code="1">0</subfield>
    <subfield code="5">0</subfield>
    <subfield code="7">-1</subfield>
    <subfield code="8">MO</subfield>
    <subfield code="a">GR</subfield>
    <subfield code="b">GR</subfield>
    <subfield code="c">OI</subfield>
    <subfield code="d">2013-09-27</subfield>
    <subfield code="i">LF1</subfield>
    <subfield code="l">0</subfield>
    <subfield code="o"> </subfield>
    <subfield code="p">41244-10</subfield>
    <subfield code="r">2020-06-25</subfield>
    <subfield code="w">2020-06-25</subfield>
    <subfield code="y">1</subfield>
    <subfield code="Z">No se presta</subfield>
  </datafield>
  <datafield tag="952" ind1=" " ind2=" ">
    <subfield code="0">0</subfield>
    <subfield code="1">0</subfield>
    <subfield code="5">0</subfield>
    <subfield code="7">-1</subfield>
    <subfield code="8">MO</subfield>
    <subfield code="a">GR</subfield>
    <subfield code="b">GR</subfield>
    <subfield code="c">OI</subfield>
    <subfield code="d">2013-09-27</subfield>
    <subfield code="i">LF1</subfield>
    <subfield code="l">0</subfield>
    <subfield code="o"> </subfield>
    <subfield code="p">41244-20</subfield>
    <subfield code="r">2020-06-25</subfield>
    <subfield code="w">2020-06-25</subfield>
    <subfield code="y">1</subfield>
    <subfield code="Z">No se presta</subfield>
  </datafield>
  <datafield tag="999" ind1=" " ind2=" ">
    <subfield code="c">40734</subfield>
    <subfield code="d">40734</subfield>
  </datafield>
</record>
